00829cam a22002534a 4500999001700000001000700017003000400024005001700028008004100045010001700086020001600103040001800119042000800137050002500145082001400170100002500184245011700209260005100326300003400377650006100411700002000472906004500492942003800537 c20885d20885201991OSt20170120150253.0990304s1999 iaua c 000 0 eng  a 99061635  z15822100908 aDLCcDLCdDLC apcc00aNK5440.B66bB55 199900a748.82211 aBillings, Johanna S.10aCollectible glass rose bowls :ba history and identification guide /cby Johanna S. Billings with Sean Billings. aDubuque, Iowa :bAntique Trader Books,cc1999. a198 p. :bcol. ill. ;c28 cm. 0aRose bowls (Vases)xCollectors and collectingvCatalogs.1 aBillings, Sean. a7bcbccorignewd2eopcnf19gy-gencatlg 2lcccBOOKShNK 5440 .B66 B55 1999